| 000 | nam a22 7a 4500 | ||
|---|---|---|---|
| 999 |
_c329852 _d329852 |
||
| 003 | NUST | ||
| 005 | 20170622100500.0 | ||
| 008 | 170524b xxu||||| |||| 00| 0 eng d | ||
| 020 | _a978969503283 | ||
| 040 | _cNUST | ||
| 041 | _hurdu | ||
| 082 |
_a891.4393 _bMUF |
||
| 100 |
_aMufti, Mumtaz _91012 |
||
| 245 |
_aRoghni putlay / _cby Mumtaz Mufti |
||
| 260 |
_aLahore: _bAl-Faisal nashran, _c2008 |
||
| 300 | _a244 p. | ||
| 500 | _aFiction | ||
| 546 | _aIn Urdu | ||
| 648 |
_aUrdu Literature _91392 |
||
| 880 |
_aروغنی پتلے _6245-02\(3\r _cممتاز مفتی |
||
| 880 |
_aممتاز مفتی _6100-01\(3\r |
||
| 880 |
_aلاہور: _6260-03\(3\r _bالفیصل ناشران و تاجران، _c2008 |
||
| 942 |
_2ddc _cBK |
||